NF Songs - Sudden Death - Statistics

General Stats
  • This quiz has been taken 88 times
  • The average score is 16 of 30
Answers on the Grid
Answers color-coded by a green-red scale on the quiz's grid according to % correct below.
Bad Liar
Before You Go
Bloodline
Bruises
Can You Hold Me
Change
CLOUDS
Could Have Been Me
Daylight
Doubt
Echoes
FEAR
Fine
GIVE ME A REASON
HAPPY
Heathens
Heavy is the Crown
Hero
HOME
HOPE
How Could You Leave Us
If You Want Love
Intro
Leave Me Alone
Let Me Down Slowly
Let You Down
Lie
Mansion
MOTTO
Nate
NEVER GET USED TO THIS
No Name
NOTHING ELSE
Outro
PANDEMONIUM
Play with Fire
Remember This
Ride
RISE
Run Boy Run
RUNNING
Scared of the Dark
Shadow
Someone You Loved
SORRY
Spinnin'
SPLAT
Stressed Out
Tear in My Heart
The Contract
The Line
The Search
Therapy Session
Time
To Ashes and Blood
TURN MY BACK
UP!
WASHED UP
When I Grow Up
WHO I WAS
 
Answer Stats
Answer % Correct
CLOUDS
74%
Let You Down
74%
HOPE
72%
Lie
68%
HAPPY
67%
FEAR
63%
MOTTO
60%
How Could You Leave Us
58%
Intro
58%
GIVE ME A REASON
54%
HOME
54%
Nate
54%
RUNNING
54%
The Search
54%
When I Grow Up
54%
If You Want Love
53%
PANDEMONIUM
53%
Leave Me Alone
51%
Mansion
51%
Outro
49%
Change
46%
SORRY
46%
Therapy Session
46%
Time
44%
WHO I WAS
44%
Can You Hold Me
42%
WASHED UP
40%
No Name
37%
Remember This
37%
TURN MY BACK
37%
No matching quizzes found
Score Distribution
Percent of People with Each Score
Percentile by Number Answered
Your Score History
You have not taken this quiz